书目信息 |
| 题名: |
突然袭击
|
|
| 作者: | 卡姆 著 ;王静 , 朱里克 译 | |
| 分册: | ||
| 出版信息: | 北京 金城出版社 2018 |
|
| 页数: | 252页 | |
| 开本: | 23cm | |
| 丛书名: | 国家战略预警研究译丛 | |
| 单 册: | ||
| 中图分类: | E813 , E81 | |
| 科图分类: | ||
| 主题词: | 袭击--研究 | |
| 电子资源: | ||
| ISBN: | 978-7-5155-1599-1 | |
| 000 | 01159oam2 2200325 450 | |
| 001 | 2162001877 | |
| 005 | 20211117171330.99 | |
| 010 | @a978-7-5155-1599-1@dCNY70.00 | |
| 035 | @a009260339 | |
| 049 | @aA330000ZJL@bUCS01009260339@c3402188 | |
| 100 | @a20181008d2018 em y0chiy0110 ea | |
| 101 | 1 | @achi@ceng |
| 102 | @aCN@b110000 | |
| 105 | @ay z 000yy | |
| 200 | 1 | @a突然袭击@9tu ran xi ji@b专著@e被袭国的视角@dSurprise attack@ethe victim's perspective@f(以)伊弗雷姆·卡姆(Ephraim Kam)著@g王静,朱里克译@zeng |
| 210 | @a北京@c金城出版社@d2018 | |
| 215 | @a252页@d23cm | |
| 225 | 2 | @a国家战略预警研究译丛 |
| 300 | @a“十三五”国家重点图书出版规划项目 | |
| 330 | @a本书通过历史案例,尤其是11个经典案例,系统论述了突袭的要素、评估、预警、情报、指标、信号、噪声、偏见、决策、应对等。 | |
| 461 | 0 | @12001 @a国家战略预警研究译丛 |
| 510 | 1 | @aSurprise attack@ethe victim's perspective@zeng |
| 606 | 0 | @a袭击@x研究 |
| 690 | @aE813@v5 | |
| 690 | @aE81@v4 | |
| 701 | 0 | @c(以)@a卡姆@9ka mu@c(Kam, Ephraim)@4著 |
| 702 | 0 | @a王静@9wang jing@4译 |
| 702 | 0 | @a朱里克@9zhu li ke@4译 |
| 801 | 0 | @aCN@b山东中教@c20211112 |
| 905 | @aZUCC@dE81@e5 | |
| 突然袭击:被袭国的视角=Surprise attack:the victim's perspective/(以)伊弗雷姆·卡姆(Ephraim Kam)著/王静,朱里克译.-北京:金城出版社,2018 |
| 252页;23cm.-(国家战略预警研究译丛) |
| “十三五”国家重点图书出版规划项目 |
| ISBN 978-7-5155-1599-1:CNY70.00 |
| 本书通过历史案例,尤其是11个经典案例,系统论述了突袭的要素、评估、预警、情报、指标、信号、噪声、偏见、决策、应对等。 |
| ● |
| 相关链接 |
|
|
|
正题名:突然袭击
索取号:E81/5
 
预约/预借
| 序号 | 登录号 | 条形码 | 馆藏地/架位号 | 状态 | 备注 |
| 1 | 2000890751 | 2000890751 | 兵学书屋/兵圣1架A面3层4列/ [索取号:E81/5] | 在馆 | |
| 2 | 2000890752 | 2000890752 | 兵学书屋/兵圣1架A面3层4列/ [索取号:E81/5] | 在馆 | |
| 3 | 2000890753 | 2000890753 | 兵学书屋/兵圣1架A面3层4列/ [索取号:E81/5] | 在馆 |